000 01170cam a2200325 a 4500
001 13719577
003 OSt
005 20140310182252.0
008 040915r20051953nyu c 000 1 eng
010 _a 2004113555
020 _a0590254804 (pbk.)
040 _aDLC
_cDLC
_dDLC
042 _alcac
050 0 0 _aPZ 7
_b.L58474Si 1953
082 0 0 _aFIC
_b L58cn 1995
100 1 _aLewis, C. S.
_q(Clive Staples),
_d1898-1963.
_920067
245 1 4 _aThe silver chair /
_cC.S. Lewis.
260 _aNew York :
_bHarperCollins,
_c[2005], c1953.
300 _a268, 37 p. ;
_c21 cm.
490 1 _aThe chronicles of Narnia ;
_vbk. 6
650 1 _aNarnia ( Imaginary place ), Juvenile fiction.
_918310
650 1 _a Fantastic fiction.
_94901
650 1 _a Children's stories.
_93210
800 1 _aLewis, C. S.
_q(Clive Staples),
_d1898-1963.
_tChronicles of Narnia (HarperCollins (Firm)) ;
_vbk. 6.
_920068
856 4 2 _3Publisher description
_uhttp://www.loc.gov/catdir/enhancements/fy0633/2004113555-d.html
906 _a7
_bcbc
_corignew
_d2
_eepcn
_f20
_gy-gencatlg
942 _2lcc
_cBK-FIC
_kFIC
999 _c11381
_d11381